00646cam a2200205 a 4500001000800000005001700008008004100025010001700066020001500083020002200098040001800120050002500138245006500163260004400228300003200272504005100304650002100355650004500376700001900421492510320161202125606.0950515s1996 nyua b 001 0 eng  a 95020972  a041512767X z0415127689 (pbk.) aDLCcDLCdDLC00aNX180.S6 bP443 199600aPerformance and cultural politics /cedited by Elin Diamond. aLondon ;aNew York :bRoutledge,c1996. ax, 294 p. :bill. ;c24 cm. aIncludes bibliographical references and index. 0aPerformance art. 0aArts and societyxHistoryy20th century.1 aDiamond, Elin.